| 000 | 00685nam a2200193 i 4500 | ||
|---|---|---|---|
| 001 | 89285 | ||
| 003 | ES-MaACL | ||
| 005 | 20230906180134.0 | ||
| 007 | t| | ||
| 008 | 050105s1964 fr ||||1| spa d | ||
| 100 | 1 |
_aLarousse, Pierre. _970284 |
|
| 245 | 1 | 0 |
_aPequeño Larousse / _cPierre Larousse ; ilustrado por Miguel de Toro y Gisbert ; refundido y aumentado por Ramón García-Pelayo y Gross. |
| 260 |
_aParís : _bLarousse, _c1964. |
||
| 300 |
_a1663 p., 7 lám. : _bil., mapas ; _c21 cm. |
||
| 650 | 0 | 4 |
_aLengua española- _vDiccionarios. _914137 |
| 700 | 1 |
_aToro y Gisbert, Miguel de. _9141153 |
|
| 700 | 1 |
_aGarcía-Pelayo y Gross, Ramón. _955096 |
|
| 852 |
_aES-MaACL _jB-2090 |
||
| 999 |
_c89285 _d89285 |
||